000 00601cam a22001933a 4500
001 45314
003 PGUSA
005 20140828084039.0
008 140404s2014||||xxu|||||s|||||000 | eng d
040 _aPGUSA
_beng
042 _adc
245 1 0 _aPortraits of Curious Characters in London, &c. &c. :
_bWith Descriptive and Entertaining Ancedotes.
_h[electronic resource] /
_cAnonymous
260 _bProject Gutenberg,
_c2014
506 _aPublic domain in the USA.
516 _aElectronic text
830 0 _aProject Gutenberg
_v45314
856 4 0 _uhttp://www.gutenberg.org/ebooks/45314
942 _cEB
999 _c274565
_d274565